00926nam a2200205 a 450000500170000000800410001702000180005805000200007610000230009624501100011926000450022930000310027452001730030565000350047865000350051365000130054865000220056199900190058395201180060220140412111309.0010327s19uu xx 00 eng d a0-8118-1078-X aTR(PS EbC 1990 aHubbard, Woodleigh aC is for curious / 2 if for dancing :ban A B C of feelings / a 1 2 3 of actions /cby Woodleigh Hubbard. aSan Francisco :bChronicle Books,c1990. a64p. ; ill. ; 25.4x24.4.cm aPresents an alphabet of emotions, from angry to zealous./A counting book introducing different types of actions, from one unicorn dreaming to ten dogs riding a bicycle. aEmotions - Juvenile literature aAlphabet - Juvenile literature aCounting aAnimals - Fiction c103872d103872 001040aELbELcTRd2001-03-27eLib. Fundg212.75l0oTR(PS E C 1990pE6043r2014-04-12 00:00:00w2014-04-12yBK